[Event "Ruhrgebiet VK2 1213"]
[Site "Nordrheinwestfalen"]
[Date "2013.02.03"]
[Round "6.8"]
[White "Elser, Christina"]
[Black "Dahlbeck, Mirko"]
[Result "0-1"]
[WhiteElo "1675"]
[BlackElo "1736"]
[PlyCount "82"]
[EventDate "2012.09.02"]
[EventType "team-tourn"]
[EventRounds "9"]
[EventCountry "GER"]
[SourceTitle "EXT 2020"]
[Source "ChessBase"]
[SourceDate "2019.10.17"]
[SourceVersion "1"]
[SourceVersionDate "2019.10.17"]
[SourceQuality "1"]
[WhiteTeam "Holsterhausen SK II"]
[BlackTeam "Annen Sport Union"]
[WhiteTeamCountry "GER"]
[BlackTeamCountry "GER"]

1. e4 e6 2. d4 d5 3. e5 c5 4. c3 Nc6 5. Nf3 Qb6 6. a4 Na5 7. Bb5+ Nc6 8. 0-0 Nge7 9. dxc5 Qc7 10. b4 a6 11. Bxc6+ Nxc6 12. Re1 Be7 13. Bf4 a5 14. Na3 axb4 15. Nb5 Qd8 16. cxb4 Nxb4 17. Nd6+ Bxd6 18. cxd6 0-0 19. Qb3 Nc6 20. Qd3 h6 21. Nd4 Na5 22. Qg3 Kh7 23. Bd2 Nc4 24. Bb4 Bd7 25. Nb5 Bxb5 26. axb5 Qd7 27. Rxa8 Rxa8 28. Bc5 Ra5 29. Qb3 Nxe5 30. Bb6 Ra8 31. Qc2+ Kg8 32. Bc7 Nc4 33. Qc3 Nxd6 34. b6 Nc4 35. g3 Qc6 36. Qb4 Ra2 37. Qe7 Nd2 38. Rd1 Nf3+ 39. Kg2 d4 40. Kh3 Ng5+ 41. Kg4 Qe4+ 0-1